| 000 | 00455nam a22002057a 4500 | ||
|---|---|---|---|
| 003 | OSt | ||
| 005 | 20241205124517.0 | ||
| 008 | 241205b |||||||| |||| 00| 0 eng d | ||
| 020 | _a9789356225848 | ||
| 040 | _cSKBL | ||
| 041 | _aeng | ||
| 082 |
_a332.6 _bTRI |
||
| 100 |
_aTripathi, Vanita _eaut |
||
| 245 | _aFundamentals of Investments | ||
| 250 | _a6th | ||
| 260 |
_aNew Delhi _bTaxmann _c2023 |
||
| 300 | _a615p. | ||
| 700 | _eaut | ||
| 942 | _cBK | ||
| 999 |
_c67410 _d67410 |
||